Online Catalogue and eLibrary

Uruthira Kannigayar Kathasarathirattu (Record no. 5818)

MARC details
000 -LEADER
fixed length control field 00492nam a2200157Ia 4500
005 - DATE AND TIME OF LATEST TRANSACTION
control field 20250410065437.0
008 - FIXED-LENGTH DATA ELEMENTS--GENERAL INFORMATION
fixed length control field 240331s9999 xx 000 0 und d
020 ## - INTERNATIONAL STANDARD BOOK NUMBER
ISBN 9789559233213
082 ## - DDC Classification
Item Number - Author Mark URU
Class No. 200
245 #0 - TITLE STATEMENT
Title Uruthira Kannigayar Kathasarathirattu
260 ## - PUBLICATION, DISTRIBUTION, ETC.
Place of publication, distribution, etc. Colombo
Name of publisher, distributor, etc. Department of Hindu Religious and Cultural Affairs
Date of publication, distribution, etc. 2011
300 ## - PHYSICAL DESCRIPTION
Extent (e.g. Volumes, Pages etc.) XLVII, 219 p .,
500 ## - GENERAL NOTE
General note Uruthiraakanikayar enum kulithavar kalin samaya ilaikkiya nool
700 ## - ADDED ENTRY--PERSONAL NAME
Personal name Maheswaran,V.
Relator term (Role) Editor
942 ## - Koha item type (Biblio)
Koha item type Books in Stacks (Lending)
Holdings
Lost status Damaged status Collection code Home library Current library Shelving location Date acquired Full call number Accession Number Item type
    Lending WERC Library WERC Library Social Science Cupboard 03/31/2024 200 URU 6806 Books in Stacks (Lending)

© WERC Library